A szövetkezeti törekvések múltja és jelene
Elmentve itt :
| Szerző: | |
|---|---|
| Adatforrás: | Meister |
| Forrásdokumentuma: | Magyar Kisebbség. - 1 sz., 1999, 249-259 p. |
| Nyelv: | magyar |
| Kulcsszavak: | intézménytörténet gazdaságtörténet gazdasági intézmények szövetkezetek szövetkezeti mozgalom Európa Magyarország Erdély Raiffeiseni Szövetkezetek Szövetsége Marosvásárhelyi Hitelszövetkezet Kolozsvári Gondoskodó Társaság Hangya (szövetkezet) ICECÓP (szövetkezeti központ) UCECOM (szövetkezeti központ) |
| LEADER | 00874nab a2200277 i 4500 | ||
|---|---|---|---|
| 001 | bibPRO00004113 | ||
| 008 | 060524s1999 xx hun | ||
| 040 | |a Sz1 | ||
| 041 | |a hun | ||
| 100 | 1 | |a SIMON Sándor | |
| 245 | 1 | 2 | |a A szövetkezeti törekvések múltja és jelene |c SIMON Sándor |
| 695 | |a intézménytörténet | ||
| 695 | |a gazdaságtörténet | ||
| 695 | |a gazdasági intézmények | ||
| 695 | |a szövetkezetek | ||
| 695 | |a szövetkezeti mozgalom | ||
| 695 | |a Európa | ||
| 695 | |a Magyarország | ||
| 695 | |a Erdély | ||
| 695 | |a Raiffeiseni Szövetkezetek Szövetsége | ||
| 695 | |a Marosvásárhelyi Hitelszövetkezet | ||
| 695 | |a Kolozsvári Gondoskodó Társaság | ||
| 695 | |a Hangya (szövetkezet) | ||
| 695 | |a ICECÓP (szövetkezeti központ) | ||
| 695 | |a UCECOM (szövetkezeti központ) | ||
| 773 | 0 | |t Magyar Kisebbség. - |g 1 sz., 1999, 249-259 p. | |